Water Type Pokemon - Statistics

General Stats
  • This quiz has been taken 2,681 times
    1,540 since last reset
  • The average score is 84 of 143
Answer Stats
Region Pokemon % Correct
Kanto Squirtle
98%
Blastoise
97%
Wartortle
97%
Magikarp
94%
Gyarados
91%
Johto Totodile
88%
Hoenn Mudkip
87%
Goldeen
85%
Sinnoh Piplup
85%
Feraligatr
84%
Seaking
84%
Starmie
84%
Staryu
84%
Swampert
84%
Croconaw
83%
Lapras
83%
Vaporeon
83%
Empoleon
82%
Horsea
82%
Marshtomp
82%
Seadra
82%
Prinplup
80%
Dewgong
79%
Poliwag
79%
Poliwhirl
79%
Seel
79%
Tentacool
79%
Tentacruel
79%
Golduck
78%
Poliwrath
78%
Psyduck
78%
Unova Oshawott
77%
Cloyster
76%
Shellder
75%
Kingdra
74%
Dewott
73%
Kalos Froakie
73%
Greninja
73%
Omastar
73%
Samurott
73%
Omanyte
72%
Slowbro
72%
Slowpoke
72%
Kyogre
71%
Kabuto
70%
Kingler
70%
Krabby
70%
Kabutops
69%
Feebas
68%
Milotic
68%
Wailmer
67%
Frogadier
66%
Suicune
66%
Wailord
66%
Politoed
65%
Alola Popplio
65%
Lanturn
64%
Primarina
64%
Chinchou
63%
Lotad
63%
Ludicolo
63%
Slowking
63%
Lombre
62%
Mantine
62%
Sharpedo
62%
Luvdisc
61%
Clamperl
60%
Wingull
60%
Pelipper
59%
Relicanth
59%
Carvanha
58%
Gorebyss
58%
Huntail
58%
Inteleon
58%
Quagsire
58%
Galar Sobble
58%
Mantyke
57%
Octillery
57%
Remoraid
57%
Spheal
57%
Wooper
57%
Azumarill
56%
Brionne
56%
Marill
56%
Sealeo
56%
Manaphy
55%
Walrein
55%
Buizel
54%
Floatzel
54%
Phione
54%
Corphish
53%
Whiscash
53%
Barboach
52%
Crawdaunt
52%
Corsola
51%
Finneon
51%
Lumineon
51%
Palkia
51%
Rotom (Wash)
50%
Surskit
49%
Basculin
48%
Gastrodon
48%
Panpour
48%
Shellos
48%
Simipour
48%
Drizzile
46%
Jellicent
45%
Qwilfish
45%
Seismitoad
45%
Tympole
45%
Frillish
44%
Palpitoad
44%
Alomomola
43%
Bibarel
42%
Keldeo
37%
Clauncher
36%
Clawitzer
36%
Ducklett
36%
Swanna
36%
Volcanion
34%
Araquanid
33%
Carracosta
33%
Dewpider
33%
Tirtouga
33%
Skrelp
31%
Barbaracle
30%
Binacle
30%
Bruxish
30%
Barraskewda
29%
Drednaw
29%
Arrokuda
28%
Castform (Rain)
28%
Chewtle
28%
Toxapex
28%
Golisopod
27%
Mareanie
27%
Wimpod
27%
Tapu Fini
25%
Wishiwashi
23%
Pyukumuku
22%
Cramorant
21%
Dracovish
17%
Arctovish
16%
No matching quizzes found
Score Distribution
Percent of People with Each Score
Percentile by Number Answered
Your Score History
You have not taken this quiz since the last reset